| 000 | 00451cam a2200169ua 4500 | ||
|---|---|---|---|
| 020 | _a0-07-045262-8 | ||
| 041 |
_aeng _h |
||
| 082 |
_a028.7357 _bLAP/MC |
||
| 100 | _aLapedes, Daniel N . | ||
| 245 | 0 | 0 |
_aMcGraw Hill dictionary of the life sciences / _cDaniel N Lapedes. _hTextual Documents |
| 250 |
_a1 / _b. |
||
| 260 |
_aNew York : _bMcGraw Hill Book Company , _c1976. |
||
| 300 | _a945 ; . | ||
| 504 | _a | ||
| 942 | _cBK | ||
| 999 |
_c9193 _d9193 |
||